Brujas, hombres lobo y vampiros /
Brujas, hombres lobo y vampiros: habitantes de las pesadillas más espantosas de la humanidad por su contenido de misterio, sangre y muerte; figuras centrales de estupendas páginas de la literatura universal; animadores de tétricos relatos en los que lo verosímil y la fantasía comienzan a perder sus...
Guardado en:
| Autor Principal: | |
|---|---|
| Formato: | Libro |
| Idioma: | Undetermined |
| Publicado: |
Barcelona :
G. R. M.,
2007.
|
| Edición: | 2a ed. |
| Materias: | |
| Etiquetas: |
Agregar Etiqueta
Sin Etiquetas, Sea el primero en etiquetar este registro!
|
| LEADER | 02511nam a22002175a 4500 | ||
|---|---|---|---|
| 001 | CEM.cems024916 | ||
| 008 | 251003s2007####sp############000#0#und#d | ||
| 005 | 20251003190832.0 | ||
| 245 | 1 | 0 | |a Brujas, hombres lobo y vampiros / |c Renzo Vitallini. |
| 250 | |a 2a ed. | ||
| 260 | |a Barcelona : |b G. R. M., |c 2007. | ||
| 300 | |a 156 p. | ||
| 505 | 0 | |a PRIMERA PARTE: Brujas y brujos -- La brujería -- Experimentos llevados a cabo por el coronel Alberto de Rochas -- Creencias y tradiciones de la brujería -- El aquelarre -- Los augurios -- Oraciones a Dios, a Nuestro Señor Jesucristo y a los santos del Cielo para impetrar el apoyo contra brujas -- Hechizos y talismanes -- La brujería en España -- Las brujas del Valle de Baztán -- Otros famosos casos de España -- El caso Torralba -- La brujería en Francia -- El caso Gauffridi -- Las hechizadas de Louviers -- Los sucesos de Normandía -- La brujería actual -- SEGUNDA PARTE: Los hombres-lobo -- Los licántropos -- Giles Garnier, famosos hombre-lobo -- Peter Stubbe: su proceso y su muerte -- Otros casos de licantropía -- El sastre de Chalons -- Roulet y sus lobos -- Un hombre aliado a la necrofilia -- Un falso hombre-lobo -- TERCERA PARTE: Los vampiros -- El vampirismo -- Dos vampiros por excepción -- Vampiros famosos en la historia -- Fritz Haarmann y otros vampiros -- Los terribles casos de Ardisson -- El vampiro de Düsseldorf -- CUARTA PARTE: Drácula -- Verdad y leyenda del conde Drácula | |
| 520 | |a Brujas, hombres lobo y vampiros: habitantes de las pesadillas más espantosas de la humanidad por su contenido de misterio, sangre y muerte; figuras centrales de estupendas páginas de la literatura universal; animadores de tétricos relatos en los que lo verosímil y la fantasía comienzan a perder sus límites para conformar una realidad diferente y extraña. Brujas, hombres lobo y vampiros: una trilogía difícil de igualar y de obviar si se hace referencia a las creaciones legendarias que acompañan el imaginario del hombre europeo desde hace siglos. Brujas, hombres lobo y vampiros, título de esta obra en que Renzo Vitallini pone a vista del público lector, con claridad expositiva y profundos conocimientos, todo lo que se conoce sobre estos seres encabalgados entre la realidad y la fantasía. | ||
| 020 | |a 8496731146 | ||
| 100 | 1 | |a Vitallini, Renzo. | |
| 653 | |a Seres fantásticos | ||
| 653 | |a Mitos y leyendas | ||
| 653 | |a Mitología | ||
| 653 | |a Brujería | ||
| 859 | |a CEMS |b BIB. CEMS - 11 de abril |h 398.2 |i V837 |p 30414.25 |t Ej.1 | ||
